000 00802cam a22002655a 4500
001 015648787
003 OSt
005 20150812134209.0
008 100908t2014 maua fr 001 0 eng d
020 _a9780123749918 (hbk.)
020 _a0123749913 (hbk.)
040 _aStDuBDS
_beng
_cStDuBDS
_dEG-ScBUE
082 0 4 _a621.042
_222
_bSAL
100 1 _a Salameh, Ziyad.
_938327
245 1 0 _aRenewable energy system design /
_cZiyad Salameh.
260 _aWaltham :
_bAcademic Press / Elsevier,
_cc.2014.
300 _axi, 388 p. :
_bill. ;
_c24 cm.
500 _aIndex : p. 373-388.
650 0 _aRenewable energy sources
_xDesign.
_2BUEsh
650 0 _aEnergy storage.
_2BUEsh
_935948
651 _2BUEsh
653 _bENGGEN
_cJune2015
_cAugust2015
655 _vreading book
_934232
942 _2ddc
999 _c19998
_d19970